| 000 | 00523nam a2200217Ia 4500 | ||
|---|---|---|---|
| 003 | OSt | ||
| 005 | 20220714111905.0 | ||
| 008 | 210210b1986 xxu||||| |||| 00| 0 eng d | ||
| 020 | _a0471057878 | ||
| 040 | _cAL | ||
| 041 | _aeng | ||
| 082 | _a621.380413 LAPE | ||
| 100 |
_aLAPATINE (Sol) _949175 |
||
| 245 | _aElectronics in communications | ||
| 250 | _a2 | ||
| 260 |
_aNew York _bJohn Wiley and Sons _c1986 |
||
| 300 | _axiii369 | ||
| 690 |
_aElectronic Communication _949176 |
||
| 906 | _a042769 | ||
| 942 |
_2ddc _cBK |
||
| 999 |
_c92623 _d92623 |
||